Penguin management handbook / (Record no. 18018)

MARC details
000 -LEADER
fixed length control field 00935 am a2200289ua 4500
001 - CONTROL NUMBER
control field 011307187
005 - DATE AND TIME OF LATEST TRANSACTION
control field 20140302113042.0
008 - FIXED-LENGTH DATA ELEMENTS--GENERAL INFORMATION
fixed length control field 880120s1987 xxkadk grd 001 0 eng d
020 ## - INTERNATIONAL STANDARD BOOK NUMBER
International Standard Book Number 0140091254 (pbk)
020 ## - INTERNATIONAL STANDARD BOOK NUMBER
International Standard Book Number 9780140091250
040 ## - CATALOGING SOURCE
Original cataloging agency Uk
Transcribing agency Uk
082 04 - DEWEY DECIMAL CLASSIFICATION NUMBER
Classification number 658.003
Edition number 22
Item number PEN
245 00 - TITLE STATEMENT
Title Penguin management handbook /
Statement of responsibility, etc edited by Thomas Kempner.
246 34 - VARYING FORM OF TITLE
Title proper/short title The Penguin management handbook /
250 ## - EDITION STATEMENT
Edition statement 4th ed.,
Remainder of edition statement new ed.
260 ## - PUBLICATION, DISTRIBUTION, ETC. (IMPRINT)
Place of publication, distribution, etc Middlesex, Unite Kingdom :
Name of publisher, distributor, etc Penguin Books,
Date of publication, distribution, etc 1987.
300 ## - PHYSICAL DESCRIPTION
Extent xxxi, 575 p. :
Other physical details chart, forms, tables ;
Dimensions 20 cm.
490 0# - Series Statement
Series statement Penguin reference books
490 1# - Series Statement
Series statement The Penguin Business Library
500 ## - GENERAL NOTE
General note Includes index.
650 #0 - SUBJECT ADDED ENTRY--TOPICAL TERM
Topical term or geographic name as entry element Management
9 (RLIN) 35049
Form subdivision Dictionaries
653 ## - INDEX TERM--UNCONTROLLED
Resource For college BAEPS, Business Administration
Arrived date list February2014
655 ## - INDEX TERM--GENRE/FORM
Form subdivision
-- 34232
700 1# - ADDED ENTRY--PERSONAL NAME
Personal name Kempner, Thomas
9 (RLIN) 35051
Relator term editor.
830 #4 - SERIES ADDED ENTRY--UNIFORM TITLE
Uniform title The Penguin Business Library
9 (RLIN) 35052
942 ## - ADDED ENTRY ELEMENTS (KOHA)
Source of classification or shelving scheme Dewey Decimal Classification
Call number prefix 658.003 PEN
Holdings
Withdrawn status Item status Source of classification or shelving scheme Damaged status Not for loan Vendor Home library Current library Shelving location Date acquired Source of acquisition Total Checkouts Full call number Barcode Date last seen Koha item type
    Dewey Decimal Classification     Donation-Gift Central Library Central Library First floor 03/02/2014 Donation   658.003 PEN 000035572 15/07/2025 Book - Borrowing